| 000 | 00640cam a22002411 4500 | ||
|---|---|---|---|
| 001 | sa 68000891 | ||
| 003 | DLC | ||
| 005 | 20260227112428.0 | ||
| 008 | 950222s1967 ii 000 0 tamo | ||
| 010 | _asa 68000891 | ||
| 025 | _aPL480:I-T-1934 | ||
| 035 | _a(OCoLC)32036237 | ||
| 040 |
_aDLC _cCU _dCU _dDLC |
||
| 042 | _apremarc | ||
| 050 | 0 | 0 |
_aDS508.2 _b.R33 |
| 100 | 1 |
_aRācārām, Ka., _d1926- |
|
| 245 | 1 | 0 | _aTen̲kil̲akku Āciyāvil. |
| 260 | _c[1967] | ||
| 300 |
_a250 p. _c19 cm. |
||
| 500 | _aIn Tamil. | ||
| 500 | _aPreviously published serially in Tiruviḷakku. | ||
| 651 | 0 |
_aSoutheast Asia _xDescription and travel. |
|
| 999 |
_c77526 _d77526 |
||